000 01003nam0a22002891 4500
001 rc\3985357
005 20130415122433.8
021 _aRU
_b[55-27625]
035 _a(NLR Aleph) 008063836
090 _a9019828
_c9019828
100 _a20130415d1955 |||y0rusy50 ca
101 0 _arus
102 _aRU
105 _aa z |||a|
200 1 _aПовесть о Петре Телушкине
_f[Ил.: С.Н. Спицын]
210 _aАрхангельск
_cКн. изд-во
_d1955
215 _a123 с., 1 л. ил.
_cил.
_d21
606 _aМастеровые в России
_z19 в. (х. л.)
_2psbo
606 _aВерхолазы в России
_z19 в. (х. л.)
_2psbo
700 1 _aСтоцкий
_bН. В.
_gНиколай Владимирович
702 1 _aСпицын
_bС. Н.
_4440
702 1 _aТелушкин
_bП. С.
_gПетр Семенович
_4570
801 0 _aRU
_bNLR
_gpsbo
801 1 _aRU
_bELAR
_2rusmarc
852 _aNLR
_jЛ30 Г-3/4227
942 _cBOOK
980 _aNB